| 000 | 02005nam0a2200385 4500 | ||
|---|---|---|---|
| 001 | RU\NLR\bibl\1826615 | ||
| 005 | 20260406143703.0 | ||
| 021 |
_aRU _b2011-76972 _95479 |
||
| 035 | _a(NLR Aleph) 001817137 | ||
| 090 |
_a1954018 _c1954018 |
||
| 100 | _a20111031d2011 |||y0rusy50 ca | ||
| 101 | 0 | _arus | |
| 102 | _aRU | ||
| 105 | _aa ||||||||| | ||
| 200 | 1 |
_aОни защищали Ленинград _fВ.Д. Доценко, Г.М. Гетманец, С.И. Макаров, В.Н. Щербаков _g[редкол.:... В.Д. Доценко (пред.) и др.] _gИст.-культ. центр "Личность Петербурга" |
|
| 210 |
_aСанкт-Петербург _cАврора-Дизайн _d2011 |
||
| 215 |
_a669, [1] с. _cил., портр. _d24 |
||
| 300 | _aПосвящается 65-летию победы в Великой Отеч. войне | ||
| 320 | _aУказ. имен: с. 656-669 | ||
| 606 | 1 |
_aБлокада Ленинграда _z1941 - 1944 _92077679 _3RU\NLR\auth\661253360 |
|
| 606 | 1 |
_aЛенинградская битва _jБиографические словари _xГерои и героизм _z1941 - 1944 _92576391 _3RU\NLR\auth\661523293 |
|
| 686 | _aЦ35(2)722.11(2Р-4Ле-2Ленинград)-424д | ||
| 686 | _aТ3(2)722.721я21 | ||
| 701 | 1 |
_4070 _8rus _7ca _aДоценко _bВ. Д. _gВиталий Дмитриевич _f1948- _3RU\NLR\auth\773837 _9113828 |
|
| 701 | 1 |
_aГетманец _bГ. М. _gГеоргий Михайлович _4070 |
|
| 701 | 1 |
_4070 _8rus _7ca _aМакаров _bС. И. _cканд. ист. наук, воен. историк _gСергей Иванович _3RU\NLR\AUTH\77106439 _989364 |
|
| 701 | 1 |
_4070 _8rus _7ca _aЩербаков _bВ. Н. _cд-р воен. наук _f1940- _gВячеслав Николаевич _3RU\NLR\auth\7730960 _913976 |
|
| 801 | 0 |
_aRU _bNLR _c20111031 _gRCR |
|
| 801 | 1 |
_aRU _bNLR _c20111031 |
|
| 830 | _aпо эк | ||
| 942 | _cBOOK | ||
| 980 | _aNB | ||
| 980 | _aNBR | ||